=LDR 00000nam 2200000 4500 =001 INLIS000000000029565 =005 20200227111008 =035 ##$$a 0010-061300000029565 =008 200227################g##########0#ind## =041 ##$$a Ind =082 ##$$a 005.369 =090 ##$$a 005.369, Dar k =100 ##$$a Daryanto =245 1#$$a Keterampilan dasar pengoperasian komputer /$c Drs. Daryanto =260 ##$$a Bandung :$b Yrama Widya,$c 2007 =300 ##$$a 100 hlm : $b ilus. ; $c 19 x 12 cm. =650 #4$$a Komputer =850 ##$$a NBPNMAT =020 ##$$a 979-542-162-5 =084 ##$$a 005.369 DAR k =250 ##$$a cet. 7 =990 ##$$a 20800700